| 000 | 00630nam a22002057a 4500 | ||
|---|---|---|---|
| 003 | 0 | ||
| 005 | 20241122141800.0 | ||
| 008 | 241122b xxu||||| |||| 00| 0 eng d | ||
| 020 | _a9781975209261 | ||
| 050 |
_aQP 41 _b.An53 2024 |
||
| 245 |
_aAnatomy & physiology made incredibly easy! / _cclinical editor Laura M. Willis. |
||
| 250 | _a6th ed. | ||
| 260 |
_aPhiladelphia : _bWolters Kluwer, _c2024. |
||
| 300 |
_aix, 410 p. : _bcol. ill. ; _c30 cm. |
||
| 440 | _aMade incredibly easy | ||
| 504 | _aIncludes bibliographical references and index. | ||
| 650 | _aHuman physiology. | ||
| 650 | _aHuman anatomy. | ||
| 942 |
_2lcc _cBK |
||
| 999 |
_c366803 _d366803 |
||